000 00558nam a2200229Ia 4500
003 OSt
005 20220924143731.0
006 a|||||r|||| 00| 0
007 ta
008 220923b |||||||| |||| 00| 0 urd d
024 _a309937
037 _cTextual
040 _aARTS
_cARTS
_burd
041 _2urd
_aurd
082 _aO168wN, N88
100 _aRasheduddin
_9216704
245 0 _aZikr-e-raftgaan
260 _c1988
650 _aURDU LITERATURE
942 _hO168wN, N88
_cTEXL
_2CC
999 _c455568
_d455568